[Event "Reinstorf op"]
[Site "Reinstorf"]
[Date "2022.02.03"]
[Round "6"]
[White "Wagner, Frank"]
[Black "Zschiesing, Falk"]
[Result "0-1"]
[WhiteElo "1756"]
[BlackElo "1963"]
[PlyCount "54"]
[EventDate "2022.01.29"]
[EventType "swiss"]
[EventRounds "9"]
[EventCountry "GER"]
[SourceTitle "CBM 206 Extra"]
[Source "ChessBase"]
[SourceDate "2022.03.31"]
[SourceVersion "1"]
[SourceVersionDate "2022.03.31"]
[SourceQuality "1"]

1. Nf3 Nf6 2. d4 d5 3. Bf4 c5 4. e3 Nc6 5. c3 Qb6 6. Qb3 c4 7. Qc2 Bf5 8. Qc1 Nh5 9. Be2 e6 10. Ne5 Nxf4 11. exf4 h5 12. Nd2 Qa6 13. 0-0 f6 14. Nef3 h4 15. Re1 Bd6 16. g3 hxg3 17. fxg3 0-0-0 18. Nh4 Rxh4 19. gxh4 Bxf4 20. Qd1 Qb6 21. Bg4 Nxd4 22. Kh1 Nc2 23. Bxf5 Nxe1 24. Qxe1 exf5 25. b4 d4 26. Nf3 Qc6 27. Qf2 Be3 0-1

[Event "Arco op 38th"]
[Site "Arco"]
[Date "2016.10.10"]
[Round "3"]
[White "Vezzosi, Paolo"]
[Black "Wagner, Frank"]
[Result "1-0"]
[WhiteElo "2323"]
[BlackElo "1889"]
[PlyCount "86"]
[EventDate "2016.10.08"]
[EventType "swiss"]
[EventRounds "9"]
[EventCountry "ITA"]
[SourceTitle "EXT 2017"]
[Source "ChessBase"]
[SourceDate "2016.10.25"]
[SourceVersion "1"]
[SourceVersionDate "2016.10.25"]
[SourceQuality "1"]

1. c4 Nf6 2. g3 c6 3. Nf3 g6 4. b3 Bg7 5. Bb2 0-0 6. Bg2 Na6 7. 0-0 Nc7 8. d4 d5 9. Nbd2 Bf5 10. Nh4 Qc8 11. Nxf5 Qxf5 12. f3 Qg5 13. Qc2 Qe3+ 14. Rf2 Rfe8 15. Rd1 Rad8 16. Nf1 Qe6 17. e4 Qd7 18. e5 Nh5 19. f4 Bh8 20. Ne3 f5 21. g4 Ng7 22. gxf5 gxf5 23. Bh3 e6 24. Rg2 Qf7 25. Qe2 h6 26. Kh1 Kf8 27. Rdg1 Ke7 28. Rg6 Kd7 29. Ba3 Kc8 30. Bd6 Rg8 31. cxd5 exd5 32. Rxh6 Nge8 33. Rxg8 Qxg8 34. Be7 Rd7 35. Bg5 Rh7 36. Nxf5 Kb8 37. Qh5 Rxh6 38. Nxh6 Qh7 39. f5 Qd7 40. f6 Qh7 41. Bf5 Qd7 42. f7 Bg7 43. fxe8R+ Nxe8 1-0

[Event "Arco op 37th"]
[Site "Arco"]
[Date "2015.10.17"]
[Round "8"]
[White "Wagner, Frank"]
[Black "Olivetti, Davide"]
[Result "0-1"]
[WhiteElo "1899"]
[BlackElo "2095"]
[PlyCount "76"]
[EventDate "2015.10.10"]
[EventType "swiss"]
[EventRounds "9"]
[EventCountry "ITA"]
[SourceTitle "CBM 168 Extra"]
[Source "ChessBase"]
[SourceDate "2015.10.29"]
[SourceVersion "1"]
[SourceVersionDate "2015.10.29"]
[SourceQuality "1"]

1. d4 Nf6 2. c4 g6 3. Nc3 Bg7 4. e4 d6 5. Nf3 0-0 6. Be2 e5 7. dxe5 dxe5 8. Bg5 Nbd7 9. Qc2 c6 10. Rd1 Qc7 11. 0-0 Re8 12. b4 Nf8 13. h3 Ne6 14. Be3 Nf4 15. Bxf4 exf4 16. Nh2 Be6 17. c5 Rad8 18. Bf3 Nd7 19. a3 Ne5 20. Rxd8 Rxd8 21. Rd1 Nxf3+ 22. Nxf3 Rxd1+ 23. Nxd1 Qd8 24. Nc3 Bc4 25. Ne2 Qd3 26. Qxd3 Bxd3 27. Nxf4 Bxe4 28. Nd2 Bc2 29. Nc4 g5 30. Nh5 Bd4 31. Na5 Bb2 32. Nxb7 Bxa3 33. Kf1 Bd3+ 34. Ke1 Bxb4+ 35. Kd1 Bc3 36. f4 a5 37. Nd8 a4 38. fxg5 a3 0-1

[Event "Arco op 37th"]
[Site "Arco"]
[Date "2015.10.10"]
[Round "1"]
[White "Bruno, Fabio"]
[Black "Wagner, Frank"]
[Result "1-0"]
[WhiteElo "2417"]
[BlackElo "1899"]
[PlyCount "101"]
[EventDate "2015.10.10"]
[EventType "swiss"]
[EventRounds "9"]
[EventCountry "ITA"]
[SourceTitle "CBM 168 Extra"]
[Source "ChessBase"]
[SourceDate "2015.10.29"]
[SourceVersion "1"]
[SourceVersionDate "2015.10.29"]
[SourceQuality "1"]

1. d4 Nf6 2. Nf3 g6 3. c4 Bg7 4. Nc3 0-0 5. e4 d6 6. Be2 Nbd7 7. 0-0 c5 8. d5 Ne8 9. Bf4 Qb6 10. Qd2 Ne5 11. Nxe5 dxe5 12. Be3 Nd6 13. f3 Qc7 14. Rfc1 b6 15. b4 Ba6 16. bxc5 bxc5 17. Na4 Nb7 18. Rab1 Rac8 19. Rb2 Qd7 20. Rxb7 Bxb7 21. Nxc5 Qc7 22. Nxb7 Qxb7 23. c5 Rb8 24. c6 Qc7 25. h3 h5 26. Ba6 Kh7 27. Rd1 Rfd8 28. Qf2 Rb6 29. Bxb6 axb6 30. Bb7 e6 31. Rb1 Bf8 32. d6 Bxd6 33. Rxb6 Qe7 34. Rb5 Bc7 35. Rb1 Rd4 36. h4 Qa3 37. Kh2 Qa5 38. Rb2 f5 39. Bc8 f4 40. Bxe6 Kh6 41. Bd5 Bb6 42. Qe2 Rb4 43. Rxb4 Qxb4 44. Qf1 Qe7 45. g3 Be3 46. Qb1 fxg3+ 47. Kxg3 Bf4+ 48. Kh3 Qc5 49. Qb8 Kg7 50. Qg8+ Kf6 51. Qf7# 1-0

[Event "Arco op 36th"]
[Site "Arco"]
[Date "2014.10.10"]
[Round "7"]
[White "Casagrande, Fabio"]
[Black "Wagner, Frank"]
[Result "1-0"]
[WhiteElo "1959"]
[BlackElo "1898"]
[PlyCount "65"]
[EventDate "2014.10.04"]
[EventType "swiss"]
[EventRounds "9"]
[EventCountry "ITA"]
[SourceTitle "EXT 2016"]
[Source "ChessBase"]
[SourceDate "2015.10.08"]
[SourceVersion "1"]
[SourceVersionDate "2015.10.08"]
[SourceQuality "1"]

1. e4 b6 2. d4 Bb7 3. Nc3 e6 4. a3 Nf6 5. Bd3 Be7 6. Qe2 0-0 7. Nf3 c5 8. 0-0 cxd4 9. Nxd4 Nc6 10. Be3 Ne5 11. Rad1 Nxd3 12. Qxd3 d5 13. e5 Ng4 14. Bf4 Bg5 15. Bg3 Bh4 16. h3 Bxg3 17. Qxg3 Nh6 18. f4 Rc8 19. Rf2 Rc4 20. Nce2 Ba6 21. c3 Rc5 22. Kh2 Bxe2 23. Rxe2 Kh8 24. Qf2 Qc8 25. g4 g6 26. Qh4 Ng8 27. f5 gxf5 28. gxf5 exf5 29. Rg1 f6 30. Qg3 Rf7 31. e6 Rb7 32. e7 Rxe7 33. Rxe7 1-0

[Event "Arco op 33rd"]
[Site "Arco"]
[Date "2011.10.28"]
[Round "7"]
[White "Wagner, Frank"]
[Black "Savarese, Vincenzo"]
[Result "1/2-1/2"]
[WhiteElo "1910"]
[BlackElo "1805"]
[PlyCount "78"]
[EventDate "2011.10.22"]
[EventType "swiss"]
[EventRounds "9"]
[EventCountry "ITA"]
[SourceTitle "EXT 2012"]
[Source "ChessBase"]
[SourceDate "2011.11.24"]
[SourceVersion "1"]
[SourceVersionDate "2011.11.24"]
[SourceQuality "1"]

1. Nf3 d5 2. g3 Nf6 3. Bg2 e6 4. 0-0 Be7 5. d3 0-0 6. Nbd2 Nbd7 7. c4 c6 8. Rb1 a5 9. a3 a4 10. d4 Qc7 11. Re1 e5 12. dxe5 Nxe5 13. Nxe5 Qxe5 14. Nf3 Qh5 15. cxd5 cxd5 16. Bg5 h6 17. Bxf6 Bxf6 18. Nd4 Bd7 19. Rc1 Rac8 20. Qd3 Bc6 21. e3 Rfe8 22. Rc2 Qg4 23. h3 Qd7 24. Rec1 g6 25. Kh2 Qd6 26. Nb5 Qe5 27. Na7 Rc7 28. Nxc6 bxc6 29. Rxc6 Rxc6 30. Rxc6 Qxb2 31. Rc2 Qb3 32. Rd2 Rc8 33. Bxd5 Qxd3 34. Rxd3 Rc3 35. Rxc3 Bxc3 36. Bc6 Bb2 37. Bxa4 Bxa3 38. Kg2 Kg7 39. f4 f6 1/2-1/2

[Event "Rhein Main op-A 14th"]
[Site "Bad Homburg"]
[Date "2011.06.25"]
[Round "5"]
[White "Kolker, Vladislav"]
[Black "Wagner, Frank"]
[Result "1-0"]
[WhiteElo "2086"]
[BlackElo "1905"]
[PlyCount "75"]
[EventDate "2011.06.22"]
[EventType "swiss"]
[EventRounds "7"]
[EventCountry "GER"]
[SourceTitle "EXT 2012"]
[Source "ChessBase"]
[SourceDate "2011.11.24"]
[SourceVersion "1"]
[SourceVersionDate "2011.11.24"]
[SourceQuality "1"]

1. e4 d6 2. d4 g6 3. Nc3 Bg7 4. Be3 Nd7 5. Qd2 Ngf6 6. f3 b6 7. 0-0-0 c5 8. Nge2 Ba6 9. g4 Rc8 10. Kb1 b5 11. g5 Nh5 12. Ng3 Qa5 13. Nxh5 gxh5 14. Nxb5 Qb6 15. dxc5 Nxc5 16. Bd4 Bxd4 17. Qxd4 0-0 18. Nc3 Rb8 19. Nd5 Qb7 20. Bxa6 Nxa6 21. b3 Nc5 22. e5 Ne6 23. Qb2 Rfd8 24. exd6 Rxd6 25. Nf6+ Kf8 26. Nd7+ Kg8 27. Rxd6 exd6 28. Nxb8 Qxb8 29. Rd1 Qb5 30. Qf6 d5 31. Qe5 Qb6 32. Rxd5 Qf2 33. Qg3 Qe3 34. Qb8+ Nf8 35. Rd8 Qg1+ 36. Kb2 Kg7 37. Qe5+ Kg8 38. Qd6 1-0